000 00838nam0a22002771 4500
001 v19\rc\1648297
005 20250619002246.0
035 _a(NLR Aleph) 004760097
090 _a4578743
_c4578743
100 _a20061002d1882 |||y0rusy50 ca
101 1 _arus
_cger
102 _aRU
105 _ay z |||a|
200 1 _aФабриций
_eДрама в 3 д. Вильбрандта
_fПер. П.В. Г-на
210 _aСанкт-Петербург
_cтип. С. Добродеева
_d1882
215 _a[2], 114 с.
_d13
700 1 _aВильбрандт
_bА.
_f1837-1911
_gАдольф
702 1 _aГ-н
_bП.В.
_4730
801 0 _aRU
_bNLR
_gpsbo
801 0 _aRU
_bRuMoRGB
_2psbo
801 1 _aRU
_bProSoft-M
_2rusmarc
852 _aNLR
_j18.92.8.204
899 _aRuMoRGB
_jT 27/757
899 _aБАН
942 _cBOOK
980 _aNB